000 00296nam a22001337a 4500
020 _a81-7564-136-3
082 _a591
_bTUL/S
100 _aTULI, S.K
245 _aDICTIONARY OF ZOOLOGY
260 _aDELHI
_bSAHNI PUBLICATIONS
300 _a359
650 _aBIOLOGY REFERENCE
_zINDIA
942 _cBK
999 _c1357
_d1357